| 000 | 00348nam a2200121Ia 4500 | ||
|---|---|---|---|
| 008 | 220615s9999||||xx |||||||||||||| ||und|| | ||
| 100 | _aCem Onal | ||
| 245 | 0 | _aProstate Cancer | |
| 546 | _aEnglish[eng] | ||
| 650 | _aMedicine||Urologic Oncology||Urology||Health Sciences | ||
| 856 | _uhttps://www.intechopen.com/books/prostate-cancer | ||
| 942 | _cEB | ||
| 999 |
_c10326 _d10326 |
||